export_success — 

Die Ökologie der Literatur : Eine systemtheoretische Annäherung. Mit einer Studie zu Werken Peter Handkes.

Bibliographic Details
Main Author: Hofer, Stefan.
Format: eBook
Language:German
Published: Bielefeld : transcript, 2015.
Edition:1st ed.
Series:Lettre
Subjects:
Online Access:Click to View
LEADER 03581nam a22003973i 4500
001 EBC6955736
003 MiAaPQ
005 20231204023222.0
006 m o d |
007 cr cnu||||||||
008 231204s2015 xx o ||||0 ger d
020 |a 9783839407530  |q (electronic bk.) 
020 |z 9783899427530 
035 |a (MiAaPQ)EBC6955736 
035 |a (Au-PeEL)EBL6955736 
035 |a (OCoLC)1049912781 
040 |a MiAaPQ  |b eng  |e rda  |e pn  |c MiAaPQ  |d MiAaPQ 
100 1 |a Hofer, Stefan. 
245 1 4 |a Die Ökologie der Literatur :  |b Eine systemtheoretische Annäherung. Mit einer Studie zu Werken Peter Handkes. 
250 |a 1st ed. 
264 1 |a Bielefeld :  |b transcript,  |c 2015. 
264 4 |c {copy}2015. 
300 |a 1 online resource (322 pages) 
336 |a text  |b txt  |2 rdacontent 
337 |a computer  |b c  |2 rdamedia 
338 |a online resource  |b cr  |2 rdacarrier 
490 1 |a Lettre 
505 0 |a Cover Die Ökologie der Literatur -- INHALT -- Vorwort -- Plädoyer für eine ökologisch orientierte Literaturwissenschaft - Eine Einleitung -- I Das ökologische Paradigma in der Literaturwissenschaft - Eine Problemskizze -- 1 Ecocriticism und ökologisch orientierte. Literaturwissenschaft im angloamerikanischen und deutschen Sprachraum - Zur Entwicklungsgeschichte -- 2 Arbeitsfelder des Ecocriticism -- 3 Problembereiche und Lösungsansätze -- 3. 1 Der Rekurs auf das ökologische Paradigma - ein problematischer Lösungsansatz -- 3. 2 Das ›realistische‹ Literaturmodell im Zeichen der Mimesis -- 3. 3 Die Theorie-Abstinenz des Ecocriticism -- II Ökologisch orientierte Literaturwissenschaft - Eine Zwischenbilanz -- 1 Vom ökologischen zum systemtheoretischen Paradigma -- 2 Aufgaben einer ökologisch orientierten Literaturwissenschaft -- III Gesellschaft und Erkenntnis in Luhmanns Systemtheorie -- 1 Gesellschaftstheorie als Systemtheorie -- 1. 1 Beobachtung -- 1. 2 System/Umwelt-Differenz -- 1. 3 Kommunikation -- 1. 4 Funktionale Differenzierung -- 2 Erkenntnistheoretische Implikationen -- IV Ökologische Kommunikation -- V Die Ökologie der Literatur -- 1 Das Funktionssystem Kunst -- 1. 1 Die Kommunikation der Kunst -- 1. 2 Der Wahrnehmungsgebrauch der Kunst -- 1. 3 Die Literatur und die Beobachtbarkeit der Beobachtungen von Beobachtungen -- 1. 4 Die Funktion der Kunst -- 1. 5 Der Code der Kunst -- 1. 6 Die Leistung der Kunst -- 1. 7 Möglichkeiten der Verarbeitung und Verbreitung ökologischer Kommunikation in Kunst und Literatur -- 2 Konkrete Gestaltung ökologischer Kommunikation in der Literatur -- 2. 1 Zur Beobachtung von Literatur im Rahmen einer systemtheoretisch unterlegten ökologisch orientierten Literaturwissenschaft -- 2. 2 Die konstruktivistische Literaturkonzeption in Handkes fünf Journalen (1977-2005). 
505 8 |a 2. 3 »Es drängt mich, damit einzugreifen in meine Zeit« - Peter Handkes ›ökologische Poetik‹ in »Mein Jahr in der Niemandsbucht« -- VI Schluss -- Literatur -- Abbildungen. 
588 |a Description based on publisher supplied metadata and other sources. 
590 |a Electronic reproduction. Ann Arbor, Michigan : ProQuest Ebook Central, 2023. Available via World Wide Web. Access may be limited to ProQuest Ebook Central affiliated libraries.  
655 4 |a Electronic books. 
776 0 8 |i Print version:  |a Hofer, Stefan  |t Die Ökologie der Literatur  |d Bielefeld : transcript,c2015  |z 9783899427530 
797 2 |a ProQuest (Firm) 
830 0 |a Lettre 
856 4 0 |u https://ebookcentral.proquest.com/lib/matrademy/detail.action?docID=6955736  |z Click to View